[Event "ECC"]
[Site "Panormo GRE"]
[Date "2001.09.28"]
[Round "6"]
[White "Grabarczyk,M"]
[Black "Stefansson,H"]
[Result "1/2-1/2"]
[WhiteElo "2499"]
[BlackElo "2586"]

1.d4 Nf6 2.c4 e6 3.Nf3 d5 4.Nc3 c6 5.Qb3 Nbd7 6.Bg5 Be7 7.e3 O-O 8.Be2 b6
9.O-O Bb7 10.Rfd1 Ne4 11.Bxe7 Qxe7 12.Nxe4 dxe4 13.Ne5 Nxe5 14.dxe5 Rfd8
15.Qa4 Qc7 16.c5 Qxe5 17.Rxd8+ Rxd8 18.Qxa7 Qxb2 19.Rd1 Rxd1+ 20.Bxd1 h6
21.Qxb7 Qd2 22.h3 Qxd1+ 23.Kh2 bxc5 24.Qxc6 Qd5 25.Qxd5 exd5 26.a4 c4 27.a5 c3
28.a6 c2 29.a7 c1=Q 30.a8=Q+ Kh7 31.Qxd5 Qc7+ 32.g3 Qe7 33.h4 g6 34.h5 gxh5
35.Qxh5 Qe6 36.Kg2 Kg7 37.Qc5 Qg4 38.Qe5+ Kg6 39.Qd6+ Kg7 40.Qd4+ Kg6 41.Qd8 Kg7
42.Qd4+ Kg6 43.Kg1 h5 44.Qh8 Qf3 45.Qg8+ Kf6 46.Qd8+  1/2-1/2

[Event "4th WCh U20 Team"]
[Site "Rio de Janeiro BRA"]
[Date "2001.10.14"]
[Round "5"]
[White "Liascovich,L"]
[Black "Vera,I"]
[Result "1-0"]
[WhiteElo "2338"]
[BlackElo "2094"]

1.Nf3 Nf6 2.d4 d5 3.c4 c6 4.Qb3 e6 5.Nc3 Bd6 6.Bg5 Nbd7 7.e4 dxe4 8.Nxe4 Be7
9.Nc3 O-O 10.Be2 Re8 11.O-O b6 12.Rad1 Bb7 13.Rfe1 Qc7 14.Qc2 Rad8 15.Bd3 h6
16.Bc1 Bd6 17.g3 Kh8 18.Bf1 Qb8 19.Bg2 a6 20.Ne4 c5 21.Nxd6 Qxd6 22.Ne5 Be4
23.Qxe4 Nxe5 24.dxc5 Qxd1 25.Rxd1 Nxe4 26.Rxd8 Rxd8 27.Bxe4 Rd1+ 28.Kg2  1-0

[Event "Corus Tens"]
[Site "Wijk aan Zee NED"]
[Date "2002.01.26"]
[Round "8"]
[White "Nep,R"]
[Black "Smeets,J"]
[Result "0-1"]
[WhiteElo "2362"]
[BlackElo "2327"]

1.d4 d5 2.Nf3 c6 3.c4 e6 4.Qb3 Nf6 5.Nc3 Be7 6.Bg5 O-O 7.e3 Nbd7 8.Rc1 Re8
9.Bd3 h6 10.Bh4 dxc4 11.Qxc4 c5 12.Bxf6 Bxf6 13.dxc5 Nxc5 14.Bc2 b6 15.b4 Ba6
16.Nb5 Qd7 17.bxc5 Bxb5 18.Qb3 bxc5 19.a4 Ba6 20.Be4 Rab8 21.Qc2 Rb2  0-1

[Event "Aeroflot Open"]
[Site "Moscow RUS"]
[Date "2002.02.09"]
[Round "8"]
[White "Zilberman,Y"]
[Black "Erenburg,S"]
[Result "0-1"]
[WhiteElo "2466"]
[BlackElo "2436"]

1.d4 d5 2.c4 c6 3.Nf3 Nf6 4.Nc3 e6 5.Qb3 dxc4 6.Qxc4 b5 7.Qb3 Nbd7 8.Bg5 Bb7
9.e4 h6 10.Bxf6 Qxf6 11.Be2 Qd8 12.O-O Be7 13.Rfd1 a6 14.e5 O-O 15.a4 Rb8
16.axb5 cxb5 17.d5 Nc5 18.Qa2 exd5 19.Nxd5 Bxd5 20.Rxd5 Qb6 21.Nd4 Rfd8 22.Nf5 Bf8
23.Rad1 Qe6 24.Ne3 Rxd5 25.Rxd5 Rd8 26.Bg4 Qe8 27.Rxd8 Qxd8 28.b4 Nd3 29.e6 Qf6
30.Nd5 Qg5 31.exf7+ Kh8 32.Ne3 Qf6 33.g3 Nxb4 34.Qb3 a5 35.Qe6 Qxe6 36.Bxe6 a4
37.Nd5 Nc6 38.Nc7 Nd4 39.Bd5 Ne2+ 40.Kg2 Nc3 41.Ne6 Bd6 42.Bc6 b4 43.Nf4 a3
44.Ng6+ Kh7 45.f8=Q Bxf8 46.Nxf8+ Kg8  0-1

[Event "13th Goodricke"]
[Site "Calcutta IND"]
[Date "2002.03.21"]
[Round "5"]
[White "Kuzmin,A"]
[Black "Prakash,G"]
[Result "1-0"]
[WhiteElo "2568"]
[BlackElo "2451"]

1.d4 d5 2.c4 c6 3.Nc3 Nf6 4.Nf3 e6 5.Qb3 dxc4 6.Qxc4 b5 7.Qd3 b4 8.Ne4 Nbd7
9.Nxf6+ Nxf6 10.e4 Bb7 11.e5 Nd7 12.Be2 Be7 13.O-O O-O 14.Qe4 Rb8 15.Bd3 g6
16.Bh6 c5 17.Qf4 cxd4 18.Bxf8 Kxf8 19.Nxd4 Nc5 20.Be2 Bg5 21.Qg3 Ne4 22.Qd3 Qb6
23.Nf3 Be7 24.Qb5 Qd8 25.Rad1 Bd5 26.Qd3 Qb6 27.Nd2 Nxd2 28.Rxd2 Bg5 29.Rdd1 Rc8
30.Qg3 Bh6 31.Qh3 Kg7 32.Rxd5 Rc2 33.Rb5  1-0

[Event "FIDE GP"]
[Site "Dubai UAE"]
[Date "2002.04.08"]
[Round "5.3"]
[White "Georgiev,Ki"]
[Black "Shirov,A"]
[Result "1/2-1/2"]
[WhiteElo "2655"]
[BlackElo "2715"]

1.d4 d5 2.c4 c6 3.Nf3 Nf6 4.Nc3 e6 5.Qb3 dxc4 6.Qxc4 b5 7.Qb3 Nbd7 8.Bg5 Be7
9.g3 O-O 10.Bg2 Bb7 11.O-O a6 12.Rfd1 h6 13.Bxf6 Nxf6 14.Ne5 Rc8 15.a4 Qb6
16.Rac1 Rfd8 17.e3 c5 18.Bxb7 Qxb7 19.axb5 cxd4 20.exd4 Rb8 21.Na4 Qxb5 22.Qxb5 Rxb5
23.Nc6 Rd7 24.Rc4 Nd5 25.Rdc1 Bg5 26.R1c2 Nb6 27.Nxb6 Rxb6 28.b4 Bf6 29.Kf1 Rd6
30.Ke2 h5 31.h3 g6 32.Ke3 Kg7 33.Ke4 Rbxc6 34.Rxc6 Rxd4+ 35.Kf3 Rxb4 36.Rxa6 Rb7
37.Rac6 Be5 38.Ke4 Kf6 39.R6c5 Bd6 40.R5c4 Ra7 41.Rd2 Be7 42.Kf3 Kg7 43.Kg2 Bf6
44.Rc8 Rb7 45.Ra2 Bd4 46.Rc4 Be5 47.Rca4 Bf6 48.Ra7 Rxa7 49.Rxa7 Bd4 50.Rd7 Bc5
51.Kf3 Kf6 52.Ke2 Bb6 53.f3 Bc5 54.Rb7 Bd6 55.g4 hxg4 56.hxg4 Kg7 57.Kd3 Kf8
58.Kc4 Ke8 59.Kb5 Bf4 60.Kc6 g5 61.Ra7 Be5 62.Rd7 Bf4 63.Rd3 Be5 64.Kb7 Bf4
65.Kc8 Ke7 66.Rd7+ Ke8 67.Rb7 Be5 68.Rb5 Bf4 69.Ra5 Ke7 70.Ra7+ Ke8 71.Kb7 Ke7
72.Kc6+ Ke8 73.Ra8+ Ke7 74.Rg8 Be3 75.Kb5 Bf4 76.Kc6 Be3 77.Rh8 Bf4  1/2-1/2

[Event "Open"]
[Site "Dubai UAE"]
[Date "2002.04.18"]
[Round "4"]
[White "Tregubov,P"]
[Black "Gelashvili,T"]
[Result "1/2-1/2"]
[WhiteElo "2626"]
[BlackElo "2552"]

1.d4 d5 2.c4 e6 3.Nf3 Nf6 4.Nc3 c6 5.Qb3 dxc4 6.Qxc4 b5 7.Qd3 a6 8.e4 c5
9.e5 cxd4 10.Nxb5 axb5 11.exf6 Nc6 12.fxg7 Bxg7 13.Be2 e5 14.O-O Be6 15.Qxb5 Qd7
16.Ng5 Rb8 17.Qc5 Bf8 18.Qc2 Bf5 19.Ne4 Be7 20.a3 O-O 21.Bd3 Bg6 22.f3 Rfc8
23.Qe2 f5 24.Nf2 Bf6 25.Bh6 Ne7 26.Rac1 Rxc1 27.Rxc1 Qb7 28.Rc2 Bf7 29.Qd2 Be6
30.Bg5 Bg7 31.Rc5 Qa7 32.b4 Ng6 33.Qc1 Ra8 34.Bc4 Qf7 35.Rc7 Qe8 36.h4 Nf8
37.Bh6 Bxh6 38.Qxh6 Qg6 39.Qxg6+ hxg6 40.Nd3 Bxc4 41.Rxc4 Nd7 42.Rc6 Rxa3
43.Nc5 Nxc5 44.bxc5 Kf7 45.Rd6 Rc3 46.f4  1/2-1/2

[Event "ch-URU"]
[Site "Montevideo URU"]
[Date "2002.05.06"]
[Round "1"]
[White "Riverol,J"]
[Black "Granara Barreto,S"]
[Result "0-1"]
[WhiteElo "2278"]
[BlackElo "2237"]

1.Nf3 d5 2.d4 Nf6 3.c4 c6 4.Nc3 e6 5.Qb3 dxc4 6.Qxc4 b5 7.Qd3 a6 8.Bg5 Nbd7
9.g3 Bb7 10.Bg2 c5 11.dxc5 Nxc5 12.Qxd8+ Rxd8 13.Bxf6 gxf6 14.Rd1 b4 15.Rxd8+ Kxd8
16.Nd1 Bh6 17.Nh4 Bxg2 18.Nxg2 Kc7 19.f4 f5 20.Rf1 Bg7 21.Rf3 Rd8 22.Nge3 Kc6
23.Nc4 Kb5 24.b3 a5 25.a4+ bxa3 26.Nxa3+ Ka6 27.Nc4 Rb8 28.Nd2 Bd4 29.Nf2 Rd8
30.Nd3 Ne4 31.Kd1 Rc8 32.e3 Bf6  0-1

[Event "Mitropa Cup"]
[Site "Leipzig GER"]
[Date "2002.05.07"]
[Round "5"]
[White "Korchnoi,V"]
[Black "Borgo,G"]
[Result "1-0"]
[WhiteElo "2635"]
[BlackElo "2418"]

1.d4 d5 2.c4 e6 3.Nf3 Nf6 4.Nc3 c6 5.Qb3 Nbd7 6.g3 Bd6 7.Bg2 O-O 8.O-O dxc4
9.Qxc4 e5 10.Bg5 h6 11.Bxf6 Qxf6 12.Ne4 Qe7 13.Nxd6 Qxd6 14.Rfd1 Re8 15.e4 exd4
16.Nxd4 Qc5 17.Qxc5 Nxc5 18.f3 Na4 19.b3 Nb6 20.Rac1 Bd7 21.a4 a5 22.Rd2 Kf8
23.f4 f6 24.Kf2 Re7 25.Rc3 Nc8 26.Bf3 Na7 27.Re2 Rae8 28.Bh5 Rc8 29.e5 fxe5
30.fxe5 Kg8 31.Rf3 Rf8 32.Rxf8+ Kxf8 33.e6  1-0

[Event "Mitropa Cup"]
[Site "Leipzig GER"]
[Date "2002.05.11"]
[Round "9"]
[White "Priehoda,V"]
[Black "Dunis,A"]
[Result "1/2-1/2"]
[WhiteElo "2425"]
[BlackElo "2405"]

1.d4 d5 2.c4 c6 3.Nf3 Nf6 4.Qb3 e6 5.Nc3 Be7 6.Bg5 O-O 7.e3 Nbd7 8.Rc1 a6
9.c5 e5 10.Be2 h6 11.Bh4 exd4 12.exd4 Ne4 13.Nxe4 dxe4 14.Bxe7 Qxe7 15.Nd2 Nf6
16.O-O Rd8 17.Qe3 Bf5 18.Nc4 Be6 19.f3  1/2-1/2

[Event "4th Borowski GM"]
[Site "Essen GER"]
[Date "2002.05.19"]
[Round "4"]
[White "Korchnoi,V"]
[Black "Zvjaginsev,V"]
[Result "0-1"]
[WhiteElo "2635"]
[BlackElo "2645"]

1.d4 d5 2.c4 e6 3.Nc3 c6 4.Qb3 Nf6 5.Nf3 dxc4 6.Qxc4 b5 7.Qd3 Nbd7 8.e4 b4
9.Na4 Qa5 10.b3 c5 11.e5 Nd5 12.Bd2 Be7 13.Rc1 cxd4 14.Nxd4 Bb7 15.Qg3 O-O
16.Bh6 g6 17.Bxf8 Bxf8 18.Be2 Bh6 19.Rc2 Nf4 20.O-O Bxg2 21.Qxg2 Nxg2 22.Nc6 Ne3
23.fxe3 Bxe3+ 24.Kg2 Qd5+ 25.Bf3 Qd3 26.Rb2 Qb5 27.Re1 Bg5 28.Rd1 Nb6 29.Nd4 Qe8
30.Nxb6 axb6 31.Bxa8 Qxa8+ 32.Nf3 Bf4 33.Kf2 Qe4 34.Re2 Qf5 35.h4 h6 36.Rg1 g5
37.hxg5 hxg5 38.Ree1 Kf8 39.Nd4 Qh3 40.Rg2 Qh4+ 41.Ke2 Bxe5 42.Nf3 Qe4+  0-1

[Event "TCh-BIH"]
[Site "Neum BIH"]
[Date "2002.06.05"]
[Round "6"]
[White "Loncar,R"]
[Black "Bogut,Z"]
[Result "1-0"]
[WhiteElo "2436"]
[BlackElo "2403"]

1.d4 d5 2.Nf3 Nf6 3.c4 e6 4.Nc3 c6 5.Qb3 Nbd7 6.Bg5 Qb6 7.c5 Qc7 8.e3 e5
9.Be2 e4 10.Nd2 b6 11.Bf4 Qd8 12.Qa4 Bb7 13.b4 b5 14.Qb3 Be7 15.a4 a6 16.O-O O-O
17.Qc2 Ne8 18.axb5 axb5 19.Rxa8 Qxa8 20.Nb3 g5 21.Bg3 f5 22.f3 f4 23.Bf2 exf3
24.Bxf3 fxe3 25.Bxe3 Ng7 26.Na5 Bc8 27.Nxc6 Bxc5 28.Bxd5+ Kh8 29.dxc5 Rxf1+
30.Kxf1 Nf6 31.Ne7 Nxd5 32.Ncxd5 Be6 33.c6  1-0

[Event "ISYG-W14"]
[Site "Moscow RUS"]
[Date "2002.06.21"]
[Round "4"]
[White "Gunina,V"]
[Black "Kim,A"]
[Result "1/2-1/2"]
[WhiteElo "2132"]
[BlackElo "2382"]

1.d4 d5 2.c4 e6 3.Nc3 c6 4.Nf3 Nf6 5.Bf4 Nbd7 6.e3 Be7 7.Qc2 a6 8.Bd3 dxc4
9.Bxc4 b5 10.Bd3 Bb7 11.Ne4 O-O 12.Nd6 Qb6 13.Ng5 g6 14.Rc1 Nd5 15.Nxb7 Qxb7
16.Qxc6 Qxc6 17.Rxc6 Nb4 18.Rc3 Nxa2 19.Rc7 Rac8 20.Rxd7 Bxg5 21.Bc7 Nb4
22.Kd2 Nxd3 23.Kxd3 Bd8 24.Bxd8 Rfxd8 25.Rxd8+ Rxd8 26.Rc1 Kf8 27.Rc6 Ra8
28.e4 Ra7 29.d5 exd5 30.exd5 Ke7 31.Kd4 a5 32.Kc5 b4 33.d6+ Kd7 34.Rc7+ Rxc7+
35.dxc7 Kxc7 36.Kb5 Kd6 37.Kxa5 Kc5 38.b3 h6 39.Ka4 f5 40.h4 f4 41.f3 g5
42.hxg5 hxg5 43.Ka5 Kd4 44.Kxb4 Ke3 45.Kc5 Kf2 46.b4 Kxg2 47.b5 g4 48.fxg4 f3
49.b6 f2 50.b7 f1=Q 51.b8=Q Qc1+ 52.Kb6 Qb2+  1/2-1/2

[Event "ch-GBR"]
[Site "Torquay ENG"]
[Date "2002.08.08"]
[Round "10"]
[White "Summerscale,A"]
[Black "Muir,A"]
[Result "1/2-1/2"]
[WhiteElo "2509"]
[BlackElo "2294"]

1.d4 d5 2.c4 e6 3.Nf3 Nf6 4.Nc3 c6 5.Qb3 dxc4 6.Qxc4 b5 7.Qd3 b4 8.Na4 Qa5
9.b3 Ba6 10.Qc2 Nbd7 11.e4 Bxf1 12.Kxf1 c5 13.Bb2 Qa6+ 14.Ke1 cxd4 15.Bxd4 Rc8
16.Qe2 Qb7 17.Nd2 Be7 18.f3 O-O 19.Nc4 Nc5 20.Nxc5 Bxc5 21.Bxc5 Rxc5 22.Rd1 Rc7
23.Kf2 Rd7 24.Rxd7 Nxd7 25.Qd2 Qb5 26.Qd6 Nb6 27.Nxb6 axb6 28.Rc1 h6 29.Rc4 Ra8
30.Qd2 Qe5 31.Kg1 Qa1+ 32.Rc1 Qe5 33.Rc2 Qa1+ 34.Kf2 Kh7 35.Kg3 Qe5+ 36.Qf4 Qh5
37.Qc7 Qg5+ 38.Kf2 Rd8 39.Qxb6  1/2-1/2

[Event "TCh-CZE 2002-3"]
[Site "Czech Rep CZE"]
[Date "2002.10.12"]
[Round "1"]
[White "Priehoda,V"]
[Black "Belunek,V"]
[Result "1/2-1/2"]
[WhiteElo "2418"]
[BlackElo "2416"]

1.d4 d5 2.c4 c6 3.Nf3 Nf6 4.Qb3 e6 5.Nc3 Ne4 6.e3 f5 7.h3 Nd7 8.g4 Qf6 9.gxf5 Qxf5
10.Nxe4 Qxf3 11.Ng3 Bd6 12.Be2 Qg2 13.Bf1 Qf3 14.Be2 Qg2 15.Bf1 Qf3 16.Be2  1/2-1/2

[Event "Bundesliga 2002-3"]
[Site "Wattenscheid GER"]
[Date "2003.02.09"]
[Round "11"]
[White "Aronian,L"]
[Black "Khenkin,I"]
[Result "1-0"]
[WhiteElo "2610"]
[BlackElo "2624"]

1.d4 d5 2.Nf3 Nf6 3.c4 c6 4.Nc3 e6 5.Qb3 dxc4 6.Qxc4 b5 7.Qd3 Nbd7 8.e4 b4
9.Na4 Bb7 10.e5 Nd5 11.Bd2 Qa5 12.b3 Be7 13.Nb2 N5b6 14.Qe4 Qd5 15.Qg4 g6
16.Nd3 h5 17.Qf4 a5 18.Rc1 Rc8 19.Nc5 Nxc5 20.dxc5 Bxc5 21.Ng5 Rc7 22.Ne4 Be7
23.Be3 Nd7 24.Rd1 g5 25.Nxg5 Bxg5 26.Qxg5 Qxe5 27.h4 c5 28.Rxd7 Qxg5 29.Rxc7 Qd5
30.Bb5+ Kd8 31.Rxc5 Qe4 32.Ke2 Qg4+ 33.Kd2 Rg8 34.Rhc1 Qe4 35.Rg5 Ke7 36.Rxg8 Qd5+
37.Bd3 Ba6 38.Bg5+ f6 39.Rc7+ Kd6 40.Bf4+ e5 41.Rd8+  1-0

[Event "X Anibal Open"]
[Site "Linares ESP"]
[Date "2003.03.04"]
[Round "5"]
[White "Kharlov,A"]
[Black "Rodriguez Guerrero,E"]
[Result "1-0"]
[WhiteElo "2597"]
[BlackElo "2450"]

1.d4 d5 2.Nf3 Nf6 3.c4 c6 4.Nc3 e6 5.Qb3 dxc4 6.Qxc4 b5 7.Qb3 Nbd7 8.Bg5 h6
9.Bxf6 Qxf6 10.g3 b4 11.Ne4 Qg6 12.Ned2 c5 13.Bg2 Rb8 14.O-O cxd4 15.Qa4 Bc5
16.Ne5 Qf5 17.Ndf3 Rb7 18.g4 Qf6 19.Qc6 Qd8 20.Nxd7 Rc7 21.Qxc5 Rxc5 22.Nxc5 h5
23.g5 h4 24.h3 Qe7 25.g6 fxg6 26.Nxd4 Qxc5 27.Rac1 Qxd4 28.Rxc8+ Kf7 29.Rxh8 Qxb2
30.Rd1 Ke7 31.Rhd8 g5 32.e3 Qc2 33.R1d7+ Kf6 34.Rf8+ Kg6 35.Rg8 Qb1+ 36.Kh2 Qxa2
37.Rgxg7+ Kh6 38.Rxa7 Qc2 39.Rgc7 Qb2 40.Rh7+ Kg6 41.Be4+ Kf6 42.Kg2 b3 43.Ra5 Qe2
44.Rh6+ Ke7 45.Rxg5 b2 46.Re5 Qd1 47.Rexe6+ Kf7 48.Rb6  1-0

[Event "12th Monarch Assurance"]
[Site "Port Erin IOM"]
[Date "2003.09.01"]
[Round "5"]
[White "Arkell,K"]
[Black "Hutchinson,P"]
[Result "1-0"]
[WhiteElo "2513"]
[BlackElo "2255"]

1.d4 d5 2.c4 c6 3.Nf3 Nf6 4.Nc3 e6 5.Qb3 Nbd7 6.cxd5 exd5 7.Bg5 Be7 8.e3 O-O
9.Be2 Re8 10.O-O h6 11.Bxf6 Nxf6 12.Ne5 Bd6 13.f4 Qe7 14.Rae1 Be6 15.Bd3 Rad8
16.Bb1 Kh8 17.Qc2 g6 18.Qd2 Bf5 19.Bxf5 gxf5 20.Rf3 Ne4 21.Qd1 Rg8 22.Rh3 Bxe5
23.fxe5 Qg5 24.Qf3 Rg6 25.Re2 Qg4 26.Nxe4 Qxe4 27.Rf2 Rdg8 28.g3 f6 29.Qxe4 fxe4
30.exf6 Rf8 31.Rh5 Rfxf6 32.Re5 Rxf2 33.Kxf2 Rf6+ 34.Ke2 Rf7 35.Re6 Kg7 36.b4 Rc7
37.Rd6 b6 38.a4 a5 39.bxa5 bxa5 40.g4 Rb7 41.Rxc6 Rb4 42.Rc5 Rxa4 43.Kf2 Ra2+
44.Kg3 a4 45.Rxd5 Re2 46.Kf4 a3 47.Rd7+ Kg6 48.Rd6+ Kg7 49.Ra6 a2 50.h3 Kf7
51.Kxe4 Rh2 52.Kf4 Rf2+ 53.Ke5 Rf3 54.e4 Rf2 55.d5 Ke7 56.Ra7+ Kd8 57.d6 Rd2
58.Ke6 Kc8 59.e5 Kb8 60.Ra3 Kc8 61.Ke7 Kb7 62.d7 Kc7 63.Rc3+ Kb7 64.Rc1  1-0

[Event "Tatry Open"]
[Site "Tatranske Zruby SVK"]
[Date "2003.09.27"]
[Round "1"]
[White "Palka,M"]
[Black "Michenka,J"]
[Result "1/2-1/2"]
[WhiteElo "2034"]
[BlackElo "2357"]

1.c4 e6 2.Nc3 d5 3.d4 c6 4.Nf3 Nf6 5.Bf4 Bd6 6.Bg3 Ne4 7.e3 f5 8.Bxd6 Qxd6
9.Ne5 O-O 10.Be2 Nd7 11.f4 b6 12.Nxe4 fxe4 13.O-O Nxe5 14.fxe5 Rxf1+ 15.Qxf1 Qb4
16.Qf2 Ba6 17.Rf1 Rf8 18.Qxf8+ Qxf8 19.Rxf8+ Kxf8 20.b3 c5 21.Kf2 Bb7 22.Bf1 Bc6
23.cxd5 exd5 24.Ke1 Ke7 25.Kd2 a5 26.Kc3 h6 27.Be2 Bd7 28.a3 Be8 29.Kd2 g5
30.g3 Bd7 31.Kc3  1/2-1/2

[Event "Tatry Open"]
[Site "Tatranske Zruby SVK"]
[Date "2003.10.02"]
[Round "7"]
[White "Priehoda,V"]
[Black "Belis,R"]
[Result "1-0"]
[WhiteElo "2372"]
[BlackElo "2143"]

1.Nf3 d5 2.c4 c6 3.d4 Nf6 4.Qb3 e6 5.Nc3 Nbd7 6.Bg5 Qb6 7.c5 Qc7 8.e3 e5
9.Be2 Be7 10.O-O O-O 11.Qc2 Re8 12.Bh4 exd4 13.exd4 Nf8 14.Bg3 Qd8 15.h3 Ne4
16.Bh2 Nxc3 17.bxc3 b6 18.Ne5 Bb7 19.Rab1 b5 20.a4 a6 21.Ra1 Bf6 22.Ng4 Be7
23.Ra2 Nd7 24.axb5 cxb5 25.f4 Bf8 26.Bd3 Qh4 27.Bf5 Rad8 28.Qd3 g6 29.Bg3 Qe7
30.Bxd7 Rxd7 31.c6 Bxc6 32.Re1 Qxe1+ 33.Bxe1 Rxe1+ 34.Kf2 Re6 35.Rxa6 f6
36.f5 gxf5 37.Qxf5 Rdd6 38.Ra7 Bg7 39.Nh6+  1-0

[Event "TCh-SWE 2003-4"]
[Site "Malmo SWE"]
[Date "2003.11.09"]
[Round "1"]
[White "Larsson,P"]
[Black "Svensson,L"]
[Result "1/2-1/2"]
[WhiteElo "2350"]
[BlackElo "2196"]

1.Nf3 d5 2.c4 e6 3.d4 c6 4.Qb3 Nf6 5.Nc3 Be7 6.Bg5 Nbd7 7.e3 O-O 8.Be2 Re8
9.O-O h6 10.Bh4 dxc4 11.Bxc4 b5 12.Be2 a6 13.Rfd1 Bb7 14.Rac1 Qb6 15.Ne5 c5
16.Bxf6 Nxf6 17.Na4 Qa7 18.Nxc5 Bd5 19.Qc2 Rac8 20.b4 Red8 21.Qb2 Ne4 22.Bf3 Nd6
23.e4 Nc4 24.Nxc4 Bxc4 25.Be2 Bxe2 26.Qxe2 e5 27.Qb2 exd4 28.Rxd4 Rxd4 29.Qxd4 Rd8
30.Qe3 a5 31.a3 axb4 32.axb4 Qa2 33.g3 Qb2 34.Qe1 Bf6 35.Rb1 Qa2 36.e5 Bxe5
37.Rd1 Rxd1  1/2-1/2

[Event "39th American Open"]
[Site "Los Angeles USA"]
[Date "2003.11.27"]
[Round "1"]
[White "Iwamoto,T"]
[Black "Cozianu,C"]
[Result "0-1"]
[WhiteElo "2280"]
[BlackElo "2431"]

1.d4 d5 2.c4 e6 3.Nc3 c6 4.Qb3 Nf6 5.Nf3 Nbd7 6.g3 Bd6 7.Bg2 O-O 8.O-O Qe7
9.Bg5 h6 10.Bf4 Bxf4 11.gxf4 a5 12.c5 b6 13.cxb6 Ba6 14.Rfe1 Rfb8 15.Na4 Qb4
16.Qc2 Nxb6 17.Nc5 Nbd7 18.Nxd7 Nxd7 19.b3 c5 20.f5 cxd4 21.fxe6 fxe6 22.Bh3 Nf8
23.Qd1 Qe7 24.Qxd4 Rb4 25.Qd2 Bb7 26.Kh1 e5 27.Rg1 d4 28.Qxh6 Ra6 29.Qg5 Qxg5
30.Rxg5 d3 31.Rag1 Rg6 32.Rxe5 dxe2 33.Bg2 Rxg2 34.Kxg2 Ng6 35.Re3 Nh4+ 36.Kh3 Nf5
37.Kg2 Rg4+ 38.Kh3 Nxe3  0-1

[Event "22nd SEA Games Standard"]
[Site "Ho Chi Minh City VIE"]
[Date "2003.12.10"]
[Round "5"]
[White "Adianto,U"]
[Black "Bui Vinh"]
[Result "1-0"]
[WhiteElo "2581"]
[BlackElo "2463"]

1.d4 d5 2.c4 c6 3.Nf3 Nf6 4.Nc3 e6 5.Qb3 Be7 6.Bg5 Nbd7 7.e3 O-O 8.Be2 h6
9.Bh4 dxc4 10.Qxc4 Nd5 11.Bxe7 Qxe7 12.O-O N5b6 13.Qb3 e5 14.a4 exd4 15.Nxd4 a5
16.Rfd1 Qb4 17.Qc2 Nf6 18.Ra3 Nbd5 19.Nxd5 Nxd5 20.Bf3 Nf6 21.h3 Qe7 22.Rb3 Rd8
23.Rc1 Be6 24.Nxe6 fxe6 25.Rd3 Nd5 26.Qc5 Qxc5 27.Rxc5 Rd7 28.e4 Nf6 29.Rb3 Kf7
30.e5 Nd5 31.Rc4 Rf8 32.Rc5 Ra8 33.Be4 Nb4 34.Rf3+ Ke7 35.Bg6 Ra6 36.Rc4 Nd5
37.Rg4 Rb6 38.b3 Rb4 39.Rxb4 axb4 40.a5 Kd8 41.Rf8+ Kc7 42.g3 c5 43.Be8 Re7
44.Bb5 Nc3 45.Bd3 Kc6 46.f4 Kd7 47.Kf2 Re8 48.Rxe8 Kxe8 49.g4 Kd7 50.f5 Ke7
51.Bc4 exf5 52.gxf5 Kd7 53.Kf3 Ke7 54.h4 Kd7 55.h5 Ke7 56.Kf4 Nb1 57.Bd5 Nc3
58.Bc4 Nb1 59.Ke3 Nc3 60.Kd3 Kd7 61.Be6+ Kc6 62.Kc4 b5+ 63.axb6 Kxb6 64.f6  1-0

[Event "4th NAO IM"]
[Site "Paris FRA"]
[Date "2003.12.21"]
[Round "7"]
[White "Nguyen Chi Minh"]
[Black "Dubois,L"]
[Result "0-1"]
[WhiteElo "2375"]
[BlackElo "2252"]

1.d4 d5 2.c4 c6 3.Nf3 Nf6 4.Nc3 e6 5.Qb3 Nbd7 6.Bg5 Qa5 7.Bd2 Qc7 8.Rc1 dxc4
9.Qxc4 e5 10.Nb5 Qb6 11.Ng5 Nd5 12.e4 Be7 13.exd5 cxb5 14.Qxb5 Qxd4 15.Nf3 Qe4+
16.Be2 O-O 17.Rc4 Qb1+ 18.Rc1 Qe4 19.O-O Nb6 20.Be3 Bd7 21.Qb3 Ba4 22.Qd3 Qxd3
23.Bxd3 Nxd5 24.Nxe5 Nxe3 25.fxe3 Bg5 26.Rc7 Bxe3+ 27.Kh1 Rac8 28.Rfxf7 Rxc7
29.Rxc7 Rd8 30.Rxb7 Be8 31.Rb3 Kf8 32.g3 Bd4 33.Nf3 Bf7 34.Rb5 a6 35.Rf5 g6
36.Rf4 Be3 37.Rxf7+ Kxf7 38.Bxa6 g5 39.Kg2 Kf6 40.g4 Ra8 41.Bc4 Ra4 42.Bd3 Rxa2
43.Bxh7 Rxb2+ 44.Kh3 Bf4 45.Be4 Ke7 46.Bd5 Kd6 47.Bc4 Rf2  0-1

[Event "TCh-SWE 2003-4"]
[Site "Malmo SWE"]
[Date "2004.01.17"]
[Round "6"]
[White "Svenn,G"]
[Black "Johannessen,LE"]
[Result "1/2-1/2"]
[WhiteElo "2360"]
[BlackElo "2500"]

1.d4 d5 2.c4 c6 3.Nf3 Nf6 4.Qb3 e6 5.Nc3 Nbd7 6.Bg5 Be7 7.e3 O-O 8.Be2 b6
9.cxd5 Nxd5 10.Bxe7 Qxe7 11.Rc1 Nxc3 12.Rxc3 Bb7 13.O-O c5 14.a4 e5 15.dxc5 Nxc5
16.Qb4 Rac8 17.a5 Rfd8 18.Rfc1 Rd6 19.Qh4 Qxh4 20.Nxh4 Rd2 21.axb6 axb6 22.R3c2 Rxc2
23.Rxc2 Ra8 24.h3 Ra4 25.Nf3 f6 26.Nd2 Rb4 27.f3 Kf8 28.Kf2 Ke7 29.Nc4 Ba6
30.Nd2 Bb7 31.Nc4 Na4 32.Rd2 Bc6 33.e4 g6 34.h4 Nc5 35.Ne3 Ne6 36.Nd1 f5
37.exf5 gxf5 38.g3 h5 39.Ne3 f4 40.Nc4 fxg3+ 41.Kxg3 Rb5 42.Bd1 Rc5 43.Nxb6 Nd4
44.Ba4 Bxa4 45.Nxa4 Rc4 46.Nc3 Nf5+ 47.Kf2 Rxh4 48.Ne4 Rh2+  1/2-1/2

[Event "TCh-FRA Nat1 GpA"]
[Site "Nancy FRA"]
[Date "2004.01.30"]
[Round "1"]
[White "Pinter,J"]
[Black "Szabolcsi,J"]
[Result "1-0"]
[WhiteElo "2501"]
[BlackElo "2377"]

1.d4 d5 2.c4 c6 3.Nc3 Nf6 4.Nf3 e6 5.Qb3 Ne4 6.g3 f5 7.Bg2 Be7 8.O-O O-O
9.Ne5 Qb6 10.Be3 Nd7 11.Nd3 Qxb3 12.axb3 Nxc3 13.bxc3 dxc4 14.bxc4 Nb6 15.Nb2 e5
16.dxe5 Be6 17.c5 Nd7 18.Nd3 Bc4 19.Rfb1 Rfb8 20.Ra5 Nf8 21.Bf3 g5 22.Nb2 Bf7
23.Rba1 a6 24.Bd4 Re8 25.R5a4 Ne6 26.Nd3 Nc7 27.Bg2 Red8 28.f4 Nd5 29.e3 Nxc3
30.Bxc3 Rxd3 31.Bd4 gxf4 32.gxf4 Rd2 33.Rb1 Bh5 34.Rab4 Kf7 35.R4b2 Rxb2
36.Rxb2 Ra7 37.e4 Bg6 38.Bh3 Ke6 39.Ra2 Ra8 40.Kf2 Rd8 41.Ke3 Bf8 42.Ra4 Bh6
43.Rb4 Rd7 44.Rc4 Rd8 45.Ra4 Rd7 46.Rb4 Bf8 47.Rb2 Bh6 48.Rf2 Bf8 49.Bf1 fxe4
50.f5+ Kd5 51.e6 Rc7 52.Bc4+ Kxc4 53.fxg6 Bh6+ 54.Kxe4 hxg6 55.Rc2+ Kb4 56.Rg2 Bf8
57.Be5 Re7 58.Rxg6 Kxc5 59.Rg8 Rxe6 60.Rxf8 a5 61.h4 Rh6 62.Rh8 Rg6 63.h5 Rg4+
64.Kf5 Rh4 65.h6 b5 66.Bf6 Rh1 67.h7 b4 68.Kg6 a4 69.Rb8 Kc4 70.h8=Q Rxh8
71.Bxh8 c5 72.Kf5 Kd3 73.Rb5 Kc4 74.Ra5 a3 75.Ke4 Kb3 76.Rxc5 Ka2 77.Rc1  1-0

[Event "Bundesliga 2003-4"]
[Site "Tegernsee GER"]
[Date "2004.02.15"]
[Round "9"]
[White "Priehoda,V"]
[Black "Tischbierek,R"]
[Result "0-1"]
[WhiteElo "2373"]
[BlackElo "2507"]

1.d4 d5 2.c4 c6 3.Nf3 Nf6 4.Qb3 e6 5.Nc3 dxc4 6.Qxc4 b5 7.Qb3 Nbd7 8.Bg5 Be7
9.g3 b4 10.Na4 Qa5 11.Bxf6 gxf6 12.Bg2 Ba6 13.Qd1 Rd8 14.O-O c5 15.a3 bxa3
16.Rxa3 cxd4 17.Ra1 Qb4 18.Qxd4 Bxe2 19.Rfc1 Bxf3 20.Qxb4 Bxb4 21.Bxf3 O-O
22.Rc7 a5 23.Bh5 Ne5 24.f4 Ng6 25.Rd1 Rxd1+ 26.Bxd1 Rd8 27.Bb3 f5 28.Bc4 h5
29.b3 Rd1+ 30.Kg2 Rd2+ 31.Kg1 h4 32.Bf1 Rd1 33.Rc8+ Kg7 34.Rc2 Ne7 35.Kg2 Nd5
36.Bc4 Nf6  0-1

[Event "It"]
[Site "Miskolc HUN"]
[Date "2004.03.13"]
[Round "4"]
[White "Portisch,L"]
[Black "Goloshchapov,A"]
[Result "1/2-1/2"]
[WhiteElo "2573"]
[BlackElo "2572"]

1.d4 d5 2.c4 e6 3.Nf3 Nf6 4.Nc3 c6 5.Qb3 dxc4 6.Qxc4 b5 7.Qd3 Nbd7 8.g3 b4
9.Ne4 Qa5 10.Ned2 Ba6 11.Nc4 Bxc4 12.Qxc4 c5 13.e3 Bd6 14.dxc5 Qxc5 15.Qxc5 Bxc5
16.Ba6 Ke7 17.Bd2 Rhb8 18.Ke2 Ne4 19.Rhc1 Nxd2 20.Nxd2 Rb6 21.Bd3 f5 22.Bc2 Rc8
23.Ba4 Rbb8 24.Bxd7 Kxd7 25.Nc4 Bd6 26.Rc2 Ke7 27.f4 Rc5 28.b3 Bc7 29.Rac1 Rd8
30.Nb2 Rxc2+ 31.Rxc2 Kd7 32.Nc4 Rb8 33.Nd2 Rb5 34.Nf3 Bd6 35.Rd2 Ke7 36.Rc2 Kd7
37.Nd2 e5 38.Nc4 Bc7 39.Rd2+ Ke7 40.fxe5 Bxe5 41.Kf3 Bc7 42.e4  1/2-1/2

[Event "It"]
[Site "Rishon le Zion ISR"]
[Date "2004.03.25"]
[Round "6"]
[White "Drozdov,Alexandre"]
[Black "Kaganskiy,G"]
[Result "0-1"]
[WhiteElo "2344"]
[BlackElo "2376"]

1.d4 c6 2.c4 d5 3.Nf3 Nf6 4.Nc3 e6 5.Bf4 dxc4 6.a4 Bb4 7.Rc1 Nbd7 8.e3 b5
9.Be2 Nd5 10.O-O Bxc3 11.bxc3 Nxf4 12.exf4 O-O 13.Qc2 Nb6 14.Ne5 Bb7 15.Bf3 Nxa4
16.f5 exf5 17.Qxf5 Qc8 18.Qh5 Nb6 19.Be4 f5 20.Bb1 Nd5 21.f4 c5 22.g4 Ne7
23.Rcd1 cxd4 24.Rxd4 a5 25.Rfd1 a4 26.Rd7 Qc5+ 27.R1d4 Bc8 28.Rd6 a3 29.Ba2 fxg4
30.Qg5 Ng6 31.Rd5 Nxe5 32.Qxe5 Qc6 33.Rd6 Qf3 34.Qd5+ Qxd5 35.R6xd5 Be6 36.Re5 Bf7
37.Re2 Rfd8 38.Rde4 Rd3 39.R4e3 Rxe3 40.Rxe3 Rd8 41.Re2 Rd3 42.Rc2 Bg6 43.Rc1 Rd2
44.Ra1 Bd3 45.Kh1 Be4+ 46.Kg1 Rg2+  0-1

[Event "42nd Doeberl Cup"]
[Site "Canberra AUS"]
[Date "2004.04.11"]
[Round "5"]
[White "Rogers,I"]
[Black "Bjelobrk,I"]
[Result "1-0"]
[WhiteElo "2582"]
[BlackElo "2362"]

1.d4 d5 2.c4 c6 3.Nf3 Nf6 4.Nc3 e6 5.Qb3 Be7 6.g3 Nbd7 7.Bg2 O-O 8.O-O b6
9.cxd5 cxd5 10.Bf4 a6 11.Rfc1 Bb7 12.Na4 b5 13.Bc7 Qe8 14.Nb6 Nxb6 15.Bxb6 Rc8
16.e3 Ne4 17.Qd1 Bd6 18.Ne5 Qe7 19.Nd3 Rc6 20.Rxc6 Bxc6 21.b4 Rb8 22.Ba5 Rc8
23.Rc1 Qb7 24.f3 Nf6 25.Nc5 Qa8 26.Rc3 Nd7 27.Ra3 Nxc5 28.bxc5 Be7 29.f4 Qb7
30.Qd2 g6 31.Bf1 Bf8 32.Bb6 Ra8 33.Qa5 Be7 34.Bc7 Kf8 35.Be2 Kg8 36.Bb6 Kf8
37.Kf2 Kg8 38.Bc7 Kf8 39.Ke1 Ke8 40.Qb6 Qxb6 41.Bxb6 Kd7 42.Kd2 h5 43.Kc3 h4
44.g4 g5 45.f5 Bf6 46.fxe6+ fxe6 47.Bd3 Bg7 48.h3 Bb7 49.Kd2 Rf8 50.Ke2 Kc6
51.Ra5 Ra8 52.a4 bxa4 53.Rxa4 e5 54.Rb4 exd4 55.exd4 Re8+ 56.Kd2 Bf6 57.Ba5 Bd8
58.Bxd8 Rxd8 59.Rb6+ Kc7 60.Rg6 Rf8 61.Bf5 Bc8 62.Rxg5 a5 63.Bxc8 Kxc8 64.Rf5 Rd8
65.g5 Kc7 66.g6 Kc6 67.g7 Rg8 68.Rg5 Kb5 69.Kc3 a4 70.Kb2 Kc4 71.c6 Kxd4
72.c7 a3+ 73.Ka2 Ke4 74.Rh5  1-0